Southville International School and Colleges
Your cart is empty.
  • Cart
  • Lists
    Public lists Eva Luna New books Lux_list list_1
    Your lists Log in to create your own lists
  • Log in to your account
  • Your cookies
  • Search history
Southville International School and Colleges
  • Advanced search
  • Recent comments
  • Most popular
  • Libraries

Log in to your account

Log in with GOOGLE


If you do not have an external account, but do have a local account, you can still log in:

  1. Home
  2. MARC view: Abe Lincoln :
Normal view MARC view ISBD view

Abe Lincoln : (Record no. 34619)

[ view plain ]
MARC details
000 -LEADER
fixed length control field 01806cam a2200409 a 4500
001 - CONTROL NUMBER
control field 12205533
003 - CONTROL NUMBER IDENTIFIER
control field OSt
005 - DATE AND TIME OF LATEST TRANSACTION
control field 20140310184453.0
008 - FIXED-LENGTH DATA ELEMENTS--GENERAL INFORMATION
fixed length control field 001019s2003 nyua b 000 0beng
010 ## - LIBRARY OF CONGRESS CONTROL NUMBER
LC control number 00052223
020 ## - INTERNATIONAL STANDARD BOOK NUMBER
International Standard Book Number 0439730678
020 ## - INTERNATIONAL STANDARD BOOK NUMBER
International Standard Book Number 9780439730679
040 ## - CATALOGING SOURCE
Original cataloging agency DLC
Transcribing agency DLC
Modifying agency DLC
042 ## - AUTHENTICATION CODE
Authentication code lcac
043 ## - GEOGRAPHIC AREA CODE
Geographic area code n-us---
050 00 - LIBRARY OF CONGRESS CALL NUMBER
Classification number E 457.905
Item number .W56 2005
100 1# - MAIN ENTRY--PERSONAL NAME
Personal name Winters, Kay.
9 (RLIN) 28207
245 10 - TITLE STATEMENT
Title Abe Lincoln :
Remainder of title the boy who loved books /
Statement of responsibility, etc Kay Winters ; illustrated by Nancy Carpenter.
250 ## - EDITION STATEMENT
Edition statement 1st ed.
260 ## - PUBLICATION, DISTRIBUTION, ETC. (IMPRINT)
Place of publication, distribution, etc New York :
Name of publisher, distributor, etc Simon & Schuster Books for Young Readers,
Date of publication, distribution, etc 2005.
300 ## - PHYSICAL DESCRIPTION
Other physical details col. ill. ;
Dimensions 26 cm.
521 ## - TARGET AUDIENCE NOTE
Target audience note
526 ## - STUDY PROGRAM INFORMATION NOTE
Reading level 480
600 10 - SUBJECT ADDED ENTRY--PERSONAL NAME
Personal name Lincoln, Abraham,
Dates associated with a name 1809-1865
Form subdivision Juvenile literature.
9 (RLIN) 28208
600 10 - SUBJECT ADDED ENTRY--PERSONAL NAME
Personal name Lincoln, Abraham,
Dates associated with a name 1809-1865
General subdivision Childhood and youth
Form subdivision Juvenile literature.
9 (RLIN) 28209
600 10 - SUBJECT ADDED ENTRY--PERSONAL NAME
Personal name Lincoln, Abraham,
Dates associated with a name 1809-1865
General subdivision Books and reading
Form subdivision Juvenile literature.
9 (RLIN) 28210
600 11 - SUBJECT ADDED ENTRY--PERSONAL NAME
Personal name Lincoln, Abraham,
Dates associated with a name 1809-1865
General subdivision Childhood and youth.
9 (RLIN) 28211
650 #0 - SUBJECT ADDED ENTRY--TOPICAL TERM
Topical term or geographic name as entry element Presidents
Geographic subdivision United States
Form subdivision Biography
-- Juvenile literature.
9 (RLIN) 28212
650 #1 - SUBJECT ADDED ENTRY--TOPICAL TERM
Topical term or geographic name as entry element Presidents.
9 (RLIN) 11310
700 1# - ADDED ENTRY--PERSONAL NAME
Personal name Carpenter, Nancy
Relator term ill.
9 (RLIN) 28213
856 42 - ELECTRONIC LOCATION AND ACCESS
Materials specified Contributor biographical information
Uniform Resource Identifier <a href="http://www.loc.gov/catdir/bios/simon051/00052223.html">http://www.loc.gov/catdir/bios/simon051/00052223.html</a>
856 42 - ELECTRONIC LOCATION AND ACCESS
Materials specified Publisher description
Uniform Resource Identifier <a href="http://www.loc.gov/catdir/description/simon031/00052223.html">http://www.loc.gov/catdir/description/simon031/00052223.html</a>
906 ## - LOCAL DATA ELEMENT F, LDF (RLIN)
a 7
b cbc
c orignew
d 1
e ocip
f 20
g y-gencatlg
942 ## - ADDED ENTRY ELEMENTS (KOHA)
Source of classification or shelving scheme Library of Congress Classification
Koha item type
Holdings
Withdrawn status Lost status Source of classification or shelving scheme Damaged status Home library Current library Shelving location Date acquired Total Checkouts Full call number Barcode Date last seen Copy number Price effective from Koha item type
    Library of Congress Classification   Luxembourg Library Luxembourg Library Scholastic Reading Center Section 10/11/2013   E 457.905 .W56 2005 LEX3111 04/18/2017 1 10/11/2013 Books

Abe Lincoln :

APA

Winters K., Carpenter N., . (2005). Abe Lincoln. New York: Simon & Schuster Books for Young Readers.

Chicago

Winters Kay, Carpenter Nancy, . 2005. Abe Lincoln. New York: Simon & Schuster Books for Young Readers.

Harvard

Winters K., Carpenter N., . (2005). Abe Lincoln. New York: Simon & Schuster Books for Young Readers.

MLA

Winters Kay, Carpenter Nancy, . Abe Lincoln. New York: Simon & Schuster Books for Young Readers. 2005.

  • Place hold
  • Print
  • Cite
  • Add to your cart (remove)
  • Save record
    BIBTEX Dublin Core MARCXML MARC (non-Unicode/MARC-8) MARC (Unicode/UTF-8) MARC (Unicode/UTF-8, Standard) MODS (XML) RIS
  • More searches
    Search for this title in:
    Other Libraries (WorldCat) Other Databases (Google Scholar) Online Stores (Bookfinder.com) Open Library (openlibrary.org)

Exporting to Dublin Core...

SOUTHVILLE LIBRARY

Southville International School and Colleges Library

1281 Tropical Ave. Cor. Luxembourg St., BF Homes International, Las Pinas City

Tel. No. 8256374 / 252358 Loc. 117/146

Powered by Koha